TOP 50 des Series - Statistiques

Statistiques générales
  • Ce quiz a été pris 192 fois
  • Le résultat moyen est 7 sur 50
Statistiques - réponses
Hint Réponse % Correct
2 Breaking bad
75%
1 Game of thrones
67%
40 Prison break
55%
3 Stranger things
52%
4 Friends
48%
11 Peaky blinders
31%
18 Walking dead
30%
25 Narcos
27%
10 Better call saul
22%
7 Dexter
19%
14 Malcolm
19%
8 The office
18%
13 Black mirror
14%
26 Dark
14%
27 Les simpsons
14%
23 Les sopranos
14%
5 Sherlock
14%
22 Dr House
12%
9 The boys
12%
32 Ma famille d'abord
11%
17 The last of us
11%
30 South park
10%
33 Good doctor
9%
50 The crown
9%
6 Chernobyl
8%
16 Le jeu de la dame
7%
48 Mad men
7%
29 Mr Robot
7%
45 Arcane
6%
21 House of cards
6%
42 Shameless
6%
37 Sons of anarchy
6%
12 True detective
6%
28 Fargo
4%
36 Mindhunter
4%
44 Succession
4%
24 Daredevil
3%
19 Band of brothers
2%
31 Death note
2%
47 Hannibal
2%
15 The mandalorian
2%
20 Westworld
2%
46 Firefly
1%
41 The haunting of hill house
1%
49 Une nounou d'enfer
1%
38 Arrested developpement
0%
39 Aspirants
0%
43 Parks and recreation
0%
35 Seinfield
0%
34 Ted lasso
0%
Aucun quiz correspondant
Distribution des résultats
% des personnes avec chaque résultat
Percentile par nombre de réponses
Votre historique - résultats
Vous n’avez pas pris ce quiz